<?xml version="1.0" encoding="UTF-8"?>
<collection xmlns="http://www.loc.gov/MARC21/slim">
 <record>
  <leader>00678pamaa2200169   4500</leader>
  <controlfield tag="001">0000032586</controlfield>
  <controlfield tag="005">20090511090000.0</controlfield>
  <datafield tag="020" ind1="0" ind2="0">
   <subfield code="a">0521375037 (set 2) </subfield>
  </datafield>
  <datafield tag="090" ind1="0" ind2="0">
   <subfield code="a">PE1065 SWA 1992 </subfield>
  </datafield>
  <datafield tag="100" ind1="1" ind2="0">
   <subfield code="a">Swan </subfield>
  </datafield>
  <datafield tag="245" ind1="1" ind2="0">
   <subfield code="a">The new Cambridge English course : </subfield>
   <subfield code="b">class cassette set 2 (cassette 3)  </subfield>
   <subfield code="c">Michael Swan and Catherine Walter [</subfield>
   <subfield code="m">audiocassette].</subfield>
  </datafield>
  <datafield tag="260" ind1="0" ind2="0">
   <subfield code="a">Cambridge: </subfield>
   <subfield code="b">C.U.P, </subfield>
   <subfield code="c">1992.</subfield>
  </datafield>
  <datafield tag="300" ind1=" " ind2=" ">
   <subfield code="a">1 audiocassette: </subfield>
   <subfield code="b">61 mins.</subfield>
  </datafield>
  <datafield tag="500" ind1="0" ind2="0">
   <subfield code="a">Side 1:lesson 25 Test lesson E (plus text book 2: test 5);Side 2:Lesson 31 - Test Lesson F (plus Test Book 2: test 6)</subfield>
  </datafield>
  <datafield tag="650" ind1="0" ind2="0">
   <subfield code="a">Listening -- </subfield>
   <subfield code="x">English language </subfield>
  </datafield>
  <datafield tag="650" ind1="0" ind2="0">
   <subfield code="a">English language -- </subfield>
   <subfield code="x">Study and teaching </subfield>
  </datafield>
  <datafield tag="700" ind1="1" ind2="1">
   <subfield code="a">Walter, </subfield>
   <subfield code="h">Catherine </subfield>
  </datafield>
 </record>
</collection>
